| 000 | 00795nam a2200241 a 4500 | ||
|---|---|---|---|
| 001 | 13865 | ||
| 003 | BD-JhCC | ||
| 005 | 20240425132852.0 | ||
| 008 | 220216s20132021bg |||| |||| 000 0 ben d | ||
| 020 | _a9789843376763 | ||
| 035 | _a(BD-JhCC)13865 | ||
| 040 |
_aBD-JhCC _dBD-JhCC |
||
| 041 | _abangali | ||
| 082 |
_a297 _bFIL 2021 |
||
| 100 | _a ফিলিপ্স ,ড. আবু আমিনাহ বিলাল | ||
| 245 |
_aস্রষ্টা ধর্ম জীবন / _c ড. আবু আমিনাহ বিলাল ফিলিপ্স । |
||
| 260 |
_aঢাকা : _bসিয়ান পাবলিকেশন; _c2021. |
||
| 300 |
_a৮৪ পৃ. : _c২১ সেমি. |
||
| 650 | _aIslamic | ||
| 650 | _aSuccess. | ||
| 942 |
_2ddc _cBK _02 |
||
| 999 |
_c13865 _d13865 |
||